| 000 | 00631nam a22001937a 4500 | ||
|---|---|---|---|
| 005 | 20141121123838.0 | ||
| 010 | _aENG-111120 | ||
| 020 |
_c75.00 _a9789350832790 |
||
| 035 | _aEN-94652 | ||
| 037 | _bDBAD/PUB | ||
| 082 | _a179.6 | ||
| 100 | _aSaran, Renu | ||
| 245 |
_a51 children winners of National Bravery aAward : _cby Renu Saran _bon the republic day / |
||
| 246 | _aFifty one children winners of national bravery award | ||
| 260 |
_aNew Delhi _bDiamond Books _c2013 |
||
| 270 |
_bNew Delhi _e110020 _aX-30, Okhla Industrial Area, Phase-II |
||
| 300 |
_a118p. _c22cm(pbk) |
||
| 942 |
_2ddc _cEN _mSAR _h179.6 |
||
| 999 |
_c89785 _d89785 |
||